000 00478nam a22001937a 4500
003 MPLRDC
005 20220104194334.0
008 210129b ||||| |||| 00| 0 eng d
020 _a978-986-5942-52-6
082 _a294.1 WXD
100 _a王学典 编著
245 _a实用生活风水
_c
250 _a初版
260 _a台湾
_b华威国际事业有限公司
_c2013
300 _b
490 _a图解经典: 41
650 _a相宅
942 _cBK
_o294.1 WXD
999 _c65633
_d65623